Fakty, prawa, decyzje rozprawy o konwencjonalistycznej filozofii nauki
Na minha lista:
| Autor principal: | |
|---|---|
| Formato: | Livro |
| Idioma: | polonês |
| Publicado em: |
Wroclaw
Akademia ekonomiczna im. Oskara Langego
1983
|
| Colecção: | Prace naukowe
|
| Tags: |
Sem tags, seja o primeiro a adicionar uma tag!
|
MARC
| LEADER | 00000nam a2200000 4500 | ||
|---|---|---|---|
| 001 | c112699 | ||
| 005 | 20240419080545.4 | ||
| 041 | 0 | |a pol | |
| 044 | |a PL | ||
| 245 | 1 | 0 | |a Fakty, prawa, decyzje |b rozprawy o konwencjonalistycznej filozofii nauki |c Andrzej Siemianowski |
| 264 | 1 | |a Wroclaw |b Akademia ekonomiczna im. Oskara Langego |c 1983 | |
| 300 | |a 103 s. | ||
| 490 | 1 | |a Prace naukowe | |
| 830 | 0 | |a Prace naukowe | |
| 100 | 1 | |a Siemianowski, Andrzej | |